La mujer y su sombra
Αποθηκεύτηκε σε:
| Μορφή: | Βιβλίο |
|---|---|
| Γλώσσα: | Ισπανικά |
| Έκδοση: |
Madrid
Alianza
1986
|
| Θέματα: | |
| Ετικέτες: |
Προσθήκη ετικέτας
Δεν υπάρχουν, Καταχωρήστε ετικέτα πρώτοι!
|
MARC
| LEADER | 00000nam a2200000 a 4500 | ||
|---|---|---|---|
| 001 | UCK7717 | ||
| 003 | CL-VaPUC | ||
| 008 | 051202e19860000SP |||||||||||||||||spa|d | ||
| 020 | |a 8420695432 | ||
| 082 | 0 | 4 | |a 305.409 |b MAR |2 21 |
| 245 | 1 | 3 | |a La mujer y su sombra |
| 300 | |a 216 p | ||
| 942 | |c BK | ||
| 945 | |d 20051202 00:00:00 |a jtorresc | ||
| 260 | |a Madrid |b Alianza |c 1986 | ||
| 650 | 7 | |a MUJERES HISTORIA |2 CL-VaPUC |9 319594 | |
| 650 | 0 | |a Belleza |9 265712 | |
| 650 | 0 | |a Maternidad |9 335758 | |
| 650 | 0 | |a Sentimientos |9 334266 | |
| 583 | |a last modification |c 20051202 00:00:00 |k Rodrigo Vera | ||
| 999 | |c 315567 |d 315565 | ||
| 952 | |0 0 |1 0 |4 0 |6 305_409000000000000_MAR_1986 |7 0 |8 A |9 388937 |a BIBEDU |b BIBEDU |d 2019-11-22 |i 4190262 |o 305.409 MAR 1986 |p 4190262 |r 2019-11-22 |w 2019-11-22 |y BK |k LIT | ||